| 000 | 01121nam a22002657a 4500 | ||
|---|---|---|---|
| 999 |
_c2992 _d2992 |
||
| 003 | AR-CdUCM | ||
| 008 | 190305b ||||| |||| 00| 0 spa d | ||
| 040 |
_aMUNICIPALIDAD PROVINCIAL DEL CUSCO _cBIBLIOTECA MUNICIPAL DEL CUSCO |
||
| 041 | _hpor | ||
| 082 |
_a360.206 / _bP71 |
||
| 110 |
_aXII Conferencia Internacional de Servicio Social 1964. : Atenas _910206 |
||
| 245 | _aPlanificación para el progreso social / | ||
| 260 |
_aLima : _bLibr. Studium, _c1971. |
||
| 300 |
_a291 paginas ; _c21 cm. |
||
| 505 | _aPre conferencia de chalquis -- Cambio social y progreso social -- Contribución al análisis del concepto de planificación social -- Planificación social y económica -- Fases de la planificación social -- Planificación, progreso, y servicio social... | ||
| 650 |
_aServicio social _910207 |
||
| 650 |
_aSesiones _910208 |
||
| 650 |
_aPlanificación social _910209 |
||
| 700 |
_aAlvarado Sanchez, Mariá _910210 |
||
| 700 |
_aBringas de del Favero, Bertha _910211 |
||
| 700 |
_aCisneros de Ruzo, Carola _910212 |
||
| 700 |
_aMonte de Oca, Mireya _910213 |
||
| 942 |
_2ddc _cLIBROS |
||
| 945 | _awnts | ||